000 003540000a22001570004500
005 20120302065006.0
942 _cBOOK
100 _a Deshpande,D.V.
245 _a Shri Nath Gopal
250 _a 1st
260 _aSatara:Shrinath Seva Mandal,1982.
300 _a255p..-ill
040 _aMar
365 _b40/-
650 _aNath gopal,Nath sampradaya
999 _c363617
_d363614